=LDR 00000nam 2200000 4500 =001 NUTBA000000000004782 =005 20260423042024 =035 ##$$a 0010-101400000000012 =008 260423################f##########0#ind## =082 ##$$a 344.046 =100 ##$$a Tim Kerja =245 1#$$a Penelitian tentang efektivitas sanksi administratif dalam rangka penegakan hukum lingkungan sebagai upaya pencegahan pencemaran =260 ##$$a Jakarta :$b Departemen Kehakiman RI,$c 1998 =300 ##$$a vii, 57 Hlm. ; $c 21 cm =850 ##$$a NBPNMAT =084 ##$$a 344.046 PEN p =990 ##$$a 0001/BPAP-NTB/20142014 =990 ##$$a 0001/BPAP-NTB/20142014